000 00533nam a2200181Ia 4500
005 20250326141126.0
008 250326s9999 xx 000 0 und d
037 _aTextbook
040 _aFMSL
_beng
_cFMSL
041 _aeng
_2eng
084 _aL:(G:55) N6
_qFMSL
100 _aBriggs D Ed.
_9743764
245 0 _aLinkage methods for environment and health analysis
_cBriggs D And Others Ed.
260 _aGeneva
_bGeneva, W H O
_c1996
300 _aviii,136
942 _cTB
_hL:(G:55) N6
999 _c1288813
_d1288813